Primer Sínodo diocesana, celebrola el Iltmo. señor doctor D. Pedro Felipe de Azúa e Iturgoyen, del Consejo de su Majestad, Obispo de esta santa iglesia de la Concepción de Chile, después electo arzobispo de la Metropolitana de Santa Fe del nuevo Reino de Granada, en la santa iglesia catedral de dicha ciudad de la Concepción. A que se dió principio el doce de octubre de mil setecientos cuarenta i cuatro años. Con licencia del real, i supremo Consejo de Indias

Gespeichert in:
Bibliographische Detailangaben
1. Verfasser: Azúa e Iturgoyen, Pedro Felipe de (VerfasserIn)
Format: Buch
Sprache:Spanisch
Veröffentlicht: Santiago Imprenta del Independiente, calle de los Huérfanos, núm. 64 1867
Ausgabe:1a. ed
Schlagworte:
Tags: Tag hinzufügen
Keine Tags, Fügen Sie den ersten Tag hinzu!

MARC

LEADER 00000nam a2200000 a 4500
001 UCJ6175
003 CL-VaPUC
008 070124e18670000CL |||||||||||||||||spa|d
082 0 4 |a 282  |b AZU  |2 21 
100 |a Azúa e Iturgoyen, Pedro Felipe de  |e author  |9 512552 
245 1 0 |a Primer Sínodo diocesana, celebrola el Iltmo. señor doctor D. Pedro Felipe de Azúa e Iturgoyen, del Consejo de su Majestad, Obispo de esta santa iglesia de la Concepción de Chile, después electo arzobispo de la Metropolitana de Santa Fe del nuevo Reino de Granada, en la santa iglesia catedral de dicha ciudad de la Concepción. A que se dió principio el doce de octubre de mil setecientos cuarenta i cuatro años. Con licencia del real, i supremo Consejo de Indias 
250 |a 1a. ed 
300 |a xvi, 256 p 
942 |c BK 
945 |d 20070124 00:00:00  |a rinostro 
260 |a Santiago  |b Imprenta del Independiente, calle de los Huérfanos, núm. 64  |c 1867 
500 |a Escudo obispal. 8§.- Port. orlada.- Letras capitales orladas. Advierte errata 
650 0 |a Iglesia Católica  |9 256114 
650 0 |a Aborígenes  |9 329972 
650 0 |a Misioneros  |9 324171 
650 7 |a EVANGELIZACION  |2 CL-VaPUC  |9 512553 
650 0 |a Comercio  |9 255341 
650 0 |a Colonización española  |9 256592 
650 0 |a Administración eclesiástica  |9 323988 
650 0 |a Teología pastoral   |9 257832 
650 7 |a DEVOCIONES  |2 CL-VaPUC  |9 504541 
650 7 |a CULTO DIVINO  |2 CL-VaPUC  |9 399659 
583 |a last modification  |c 20070124 00:00:00  |k Rodrigo Vera 
999 |c 322283  |d 322281 
952 |0 0  |1 0  |4 0  |6 282_000000000000000_AZU_1867  |7 0  |8 X  |9 401244  |a FDOBUD  |b FDOBUD  |d 2019-11-22  |i 1044761  |o 282 AZU 1867  |p 1044761  |r 2019-11-22  |w 2019-11-22  |y BK_X  |k BUD